|
|
|
|
| LEADER |
00000nas a2200000 a 4500 |
| 001 |
ssj0000562698 |
| 003 |
WaSeSS |
| 005 |
20200512172242.0 |
| 006 |
m d |
| 007 |
cr n |
| 008 |
060418d20052007bl fr p s 0 0por c |
| 010 |
|
|
|a 2006452351
|
| 022 |
|
|
|l 1808-5261
|y 1808-5261
|
| 035 |
|
|
|a (WaSeSS)ssj0000562698
|
| 040 |
|
|
|a GIS
|b eng
|c GIS
|d DLC
|d OCLCQ
|d OCLCF
|d OCLCO
|d SERSO
|d CUS
|d OCLCA
|d WaSeSS
|
| 041 |
0 |
|
|a por
|b eng
|
| 042 |
|
|
|a pcc
|
| 043 |
|
|
|a s-bl---
|
| 050 |
0 |
0 |
|a QE235
|b .A575
|
| 130 |
0 |
|
|a Gaea (São Leopoldo, Brazil)
|
| 222 |
|
0 |
|a Gaea (São Leopoldo. Impresso)
|
| 245 |
1 |
0 |
|a Gaea
|h [electronic resource].
|
| 260 |
|
|
|a São Leopoldo, RS, Brasil :
|b UNISINOS,
|c 2005-
|
| 310 |
|
|
|a Semiannual
|
| 362 |
0 |
|
|a Vol. 1, no. 1 (jan./junho 2005)-
|
| 362 |
1 |
|
|a Ceased in print with Vol. 3, no. 2 (2007).
|z cf ISSN Online
|
| 500 |
|
|
|a Title from cover.
|
| 506 |
|
|
|a License restrictions may limit access.
|
| 546 |
|
|
|a Chiefly in Portuguese, with some articles in English; abstracts in Portuguese and English.
|
| 650 |
|
0 |
|a Geology
|z Brazil
|v Periodicals.
|
| 650 |
|
0 |
|a Earth sciences
|z Brazil
|v Periodicals.
|
| 650 |
|
0 |
|a Paleontology
|z Brazil
|v Periodicals.
|
| 650 |
|
7 |
|a Earth sciences.
|2 fast
|0 (OCoLC)fst00900729
|
| 650 |
|
7 |
|a Geology.
|2 fast
|0 (OCoLC)fst00940627
|
| 650 |
|
7 |
|a Paleontology.
|2 fast
|0 (OCoLC)fst01051513
|
| 651 |
|
7 |
|a Brazil.
|2 fast
|0 (OCoLC)fst01206830
|
| 655 |
|
0 |
|a Electronic journals.
|
| 710 |
2 |
|
|a Universidade do Vale do Rio dos Sinos.
|
| 776 |
0 |
8 |
|i Continued online:
|t Gaea (Sã̃o Leopoldo, Brazil)
|w (OCoLC)458296044
|
| 780 |
0 |
0 |
|t Acta geologica leopoldensia
|w (DLC) 87648194
|w (OCoLC)4072747
|
| 850 |
|
|
|a DLC
|a GIS
|
| 856 |
4 |
0 |
|z Full text available from Research Library: 01/01/2008 to 01/31/2016
|u https://search.proquest.com/publication/2040958
|